| 000 | 00490nam a2200169Ia 4500 | ||
|---|---|---|---|
| 999 |
_c12872 _d12872 |
||
| 082 | _aRR 923.254 PRA-; | ||
| 245 | 0 | _aDr. Rajendra Prasad: correspondence and selected documents | |
| 260 |
_aNew Delhi _bAllied Publishers _c1984 |
||
| 300 | _axii, 446p. | ||
| 500 | _a3v. | ||
| 504 | _aIncludes index | ||
| 650 | _aPresidents - India | ||
| 650 | _aPrasad, Rajendra - Correspondence | ||
| 650 | _aPrasad, Rajendra - Political activity | ||
| 700 | _aChoudhary, Valmiki | ||
| 942 |
_cBK _2ddc |
||